• 首页
  • 本馆介绍
  • 公告通知
  • 最新文献
  • 馆藏检索
  • 电子资源
  • 读者导购
  • 参考咨询
  • 我的图书馆
  • 登录
  • 详细信息显示
  • 放入我的书架
  • 预约/预借图书
  • 作者相关作品
  • 分类相关作品
  • 丛书相关作品
  • 出版社相关作品

书目信息

  • 表格格式
  • 工作单格式
  • 卡片格式
题名:
有限元素法中的变分原理基础
    
 
作者: 王生楠 编
分册:  
出版信息: 西安   西北工业大学出版社  2005
页数: 172页
开本: 26cm
丛书名:
单 册:
中图分类: O241.82-43
科图分类:
主题词: 有限元法--变分法--高等学校--教材 , 有限元法 , 变分法
电子资源:
ISBN: 7-5612-1887-7
000 01079nam0 2200265 450
001 012007797488
005 20070517095440.57
010    @a7-5612-1887-7@dCNY15.00
100    @a20070512d2005 km y0chiy0120 ea
101 0  @achi
102    @aCN@b610000
105    @ay z 000yy
106    @ar
200 1  @a有限元素法中的变分原理基础@Ayou xian yuan su fa zhong de bian fen yuan li ji chu@f王生楠编@Fwang sheng nan bian
210    @a西安@c西北工业大学出版社@d2005
215    @a172页@d26cm
330    @a本书对泛函极值问题经典变分原理及弹性、塑性、几何非线性问题广义变分原理作了比较系统的介绍。主要内容包括弹性静力学小位移变形理论的经典变分原理、完全或不完全广义变分原理、混合变分原理、分区变分原理,弹性薄板小弯曲问题的基础变分原理。
333    @a高等院校高年级本科生或研究生的教材,亦可供具有一定基础的科技人员自修及从事结构分析的工程技术人员参考。
606 0  @a有限元法@x变分法@x高等学校@j教材
606 0  @a有限元法
606 0  @a变分法
690    @aO241.82-43@v4
701  0 @a王生楠@Awang sheng nan@4编
801  0 @aCN@bRULIN@c20070517
905    @dO241.82-43@e140@s5
    
    有限元素法中的变分原理基础/王生楠编.-西安:西北工业大学出版社,2005
    172页;26cm
    使用对象:高等院校高年级本科生或研究生的教材,亦可供具有一定基础的科技人员自修及从事结构分析的工程技术人员参考。
    
    ISBN 7-5612-1887-7:CNY15.00
    本书对泛函极值问题经典变分原理及弹性、塑性、几何非线性问题广义变分原理作了比较系统的介绍。主要内容包括弹性静力学小位移变形理论的经典变分原理、完全或不完全广义变分原理、混合变分原理、分区变分原理,弹性薄板小弯曲问题的基础变分原理。
●
相关链接 在E读中查询图书 在五车中查询图书 在当当中查询图书 在豆瓣中查询图书


正题名:有限元素法中的变分原理基础     索取号:O241.82-43/140         预约/预借

序号 登录号 条形码 馆藏地/架位号 状态 备注
1 0573012   205730128   第二样本阅览室/ [索取号:O241.82-43/140] 在馆    
2 0573013   205730137   第三借阅区/ [索取号:O241.82-43/140] 在馆    
3 0573014   205730146   第三借阅区/ [索取号:O241.82-43/140] 在馆    
4 0573015   205730155   第三借阅区/ [索取号:O241.82-43/140] 在馆    
5 0573016   205730164   第三借阅区/ [索取号:O241.82-43/140] 在馆    
唐山师范学院图书馆 欢迎您!
大连网信软件有限公司© 版权所有